[Event "58. BEM 2004"]
[Site "Dortmund"]
[Date "2004.03.11"]
[Round "6.26"]
[White "Klein, Hans-Joachim"]
[Black "Thiemig, Rolf"]
[Result "1-0"]
[WhiteElo "1637"]
[BlackElo "1278"]
[Annotator "Fritz 7 (15s)"]
[PlyCount "75"]
[EventDate "2004.??.??"]
[Source "SG Dortmund"]
[SourceDate "2004.12.16"]

{D00: 1 d4 d5: Unusual lines
} 1. d4 d5 2. Bf4 Nd7 3. Nf3 c6 4. e3 Ngf6 5. h3
h6 6. a3 $146 (6. b3 e6 7. Bd3 Bd6 8. Bxd6 Qb6 9. Bh2 O-O 10. O-O c5 11. dxc5
Nxc5 12. Nbd2 Bd7 13. Ne5 Bc8 14. Ndf3 Nfe4 15. Nd2 Ng5 16. Ndf3 Nce4 17. Nxg5
Nxg5 18. Nf3 Ne4 19. Bxe4 dxe4 20. Nd2 Qb4 {
Hrovat,J-Celec,F/SLO 1998/EXT 2000/1-0 (44)}) 6... g6 7. c4 Bg7 8. Nc3 Nb6 9.
c5 {Weiss will den Gegner einengen} 9... Nbd7 10. Be2 O-O 11. O-O Nh7 12. b4 a6
{Sichert b5} 13. a4 b6 14. Qc1 Bb7 15. Bh2 bxc5 16. bxc5 a5 17. Rb1 Ba6 18.
Bxa6 Rxa6 19. Rb7 Qc8 20. Qb2 Nhf6 21. Rb1 Qa8 22. Ne5 Nxe5 23. Bxe5 Ne4 $2 (
23... Qd8 24. Qe2 Ra8 25. R1b6 $18) 24. Rxe7 (24. Bxg7 {
und Weiss haette es noch leichter} 24... Kxg7 25. Nxe4 dxe4 26. Rxe7 Ra7 27.
Rxe4 Kh7 $18) 24... Ra7 (24... Nxc3 $142 25. Qxc3 Bxe5 26. Rxe5 Rb8 $18) 25.
Rxa7 Qxa7 26. Bb8 Qa6 27. Nxe4 dxe4 28. Bd6 Re8 29. Qc2 f5 $4 {
der letzte Fehler} (29... Bf8 $18) 30. Rb6 (30. Qb3+ {ist genauer} 30... Kh7
31. Qf7 Rg8 $18) 30... Qd3 (30... Qa8 {holt die Kuh nicht vom Eis} 31. Qb3+ Kh7
32. Rb7 $18) 31. Qa2+ Kh7 32. Rxc6 Rg8 33. Rc7 g5 (33... f4 34. Bxf4 Qd1+ 35.
Kh2 Qc1 $18) 34. Be5 f4 (34... Qd1+ {ist ein letzter Strohhalm} 35. Kh2 Qh5 $18
) 35. Qf7 fxe3 (35... Qb1+ {waere gleichermassen fruchtlos} 36. Kh2 Qb6 37.
cxb6 g4 38. Qf5+ Kh8 39. Bxg7+ Rxg7 40. Qf8+ Kh7 41. Rxg7#) 36. Qf5+ Kh8 37.
Bxg7+ Rxg7 38. Qf8+ (38. Qf8+ Kh7 39. Qxg7#) 1-0

[Event "58. BEM 2004"]
[Site "Dortmund"]
[Date "2004.03.11"]
[Round "6.27"]
[White "Krüger, Inge"]
[Black "Gerlach, André"]
[Result "1/2-1/2"]
[WhiteElo "1335"]
[BlackElo "1410"]
[Annotator "Fritz 7 (15s)"]
[PlyCount "138"]
[EventDate "2004.??.??"]
[Source "SG Dortmund"]
[SourceDate "2004.12.16"]

{E34: Nimzo-Indian: Classical: 4...d5
} 1. d4 Nf6 2. c4 e6 3. Nc3 Bb4 4. Qc2 d5
5. Nf3 O-O 6. Bg5 c5 (6... Nbd7 7. e3 h6 8. Bh4 c6 9. a3 Qa5 10. Nd2 Re8 11.
Be2 Bxc3 12. Qxc3 Qxc3 13. bxc3 b6 14. cxd5 exd5 15. O-O Bb7 16. Rfc1 Rac8 17.
h3 Ne4 18. Nxe4 dxe4 19. Bg4 Nf8 20. Bxc8 Bxc8 21. c4 {
Rybansky,A-Lazo,J/SVK 2000/EXT 2001/1-0 (34)}) 7. cxd5 exd5 8. a3 $146 (8. e3
cxd4 9. Nxd4 Nc6 10. Nxc6 bxc6 11. Be2 a5 (11... h6 12. Bh4 g5 13. Bg3 Ne4 14.
O-O Nxg3 15. hxg3 Qf6 16. Bd3 Rd8 17. Na4 Bd7 18. b3 Be8 19. Qe2 Ba3 20. Rad1
Rac8 21. Rd2 c5 22. Bb5 Bxb5 23. Qxb5 c4 24. Re2 Rb8 25. Qa5 cxb3 26. axb3 {
Gurevich,M-Rodriguez Vargas,O/Barcelona 1992/CBM 30/0-1 (60)}) 12. O-O Be7 13.
Rfd1 Be6 14. Rac1 Qd7 15. Na4 Qa7 16. Bf3 Rfc8 17. Nc5 Bxc5 18. Qxc5 Qxc5 19.
Rxc5 Nd7 20. Rc2 Ne5 21. Rdc1 Nd3 22. Rd1 Ne5 23. Bf4 Nxf3+ 24. gxf3 c5 25. Bd6
Ra6 26. Bxc5 Bh3 27. Rdc1 Rg6+ 28. Kh1 Bg2+ 29. Kg1 Bh3+ 30. Kh1 Bg2+ {
1/2-1/2 Apitz,A-Fiedler,F/Germany 1994/GER (30)}) 8... cxd4 9. Nxd4 {
Hier kann der weisse Springer nicht durch Bauern angegriffen werden.} 9... Be7
10. e3 a6 {Punkt b5} 11. Be2 Re8 12. O-O h6 13. Bh4 Nbd7 14. b4 Ne5 15. h3 {
Verhindert das Eindringen auf g4} 15... Qd6 16. Bg3 Qc7 17. Rac1 Bd6 18. Qb1
Qd8 19. Bd1 Ng6 20. Bxd6 Qxd6 21. Nf3 Be6 22. Bc2 Ne5 23. Nxe5 Qxe5 24. Ne2 Ne4
(24... Rac8 $5 $11) 25. Bxe4 $14 dxe4 26. Rc5 Qf6 (26... Qb8 27. Rfc1 $14) 27.
Nf4 (27. Qxe4 $5 b5 28. Qd4 $16) 27... Bd7 28. Rfc1 Rad8 29. Qb3 Re5 30. Rxe5
Qxe5 31. Rd1 Qe8 (31... Qg5 32. Rd5 Qe7 33. Qd1 $16) 32. Qc3 (32. Qd5 $142 $5
$16) 32... Rc8 33. Qd4 Ba4 34. Nh5 f6 35. Qd5+ Qf7 36. Qxf7+ (36. Qf5 $5 {
ist zu erwaegen} 36... Bxd1 37. Qxc8+ Qf8 38. Qe6+ Qf7 39. Nf4 Qxe6 40. Nxe6
$11) 36... Kxf7 $15 37. Rd4 Rc3 38. Rxe4 Rxa3 39. Nf4 Ra1+ 40. Kh2 Rc1 41. Nd5
Bc6 42. Rd4 Bxd5 43. Rxd5 Rc7 44. Kg3 Ke6 45. Rd4 Rd7 46. Re4+ Kd5 47. Kf4 g6 (
47... Kc6 $5 $15) 48. g4 b6 49. Rd4+ (49. Re8 $5 $11 {ist bedenkenswert}) 49...
Kc6 $15 50. Ke4 f5+ (50... Rxd4+ $142 {ist noch spielbar} 51. exd4 a5 52. bxa5
bxa5 $17) 51. gxf5 $16 gxf5+ 52. Kxf5 {Weiss aktiviert den Koenig} 52... Rxd4
53. exd4 Kd5 54. Kg6 a5 55. bxa5 bxa5 56. f4 a4 57. f5 a3 58. f6 a2 59. f7 a1=Q
60. f8=Q Qa6+ 61. Qf6 Qxf6+ 62. Kxf6 Kxd4 63. h4 h5 64. Kf5 Kd5 65. Kg5 Ke6 66.
Kxh5 Kf7 67. Kh6 Kg8 68. h5 Kh8 69. Kg6 Kg8 1/2-1/2

[Event "58. BEM 2004"]
[Site "Dortmund"]
[Date "2004.03.11"]
[Round "6.28"]
[White "Rutmann, Ulrich"]
[Black "Krüger, Sven"]
[Result "1-0"]
[WhiteElo "1296"]
[BlackElo "1098"]
[Annotator "Fritz 7 (15s)"]
[PlyCount "35"]
[EventDate "2004.??.??"]
[Source "SG Dortmund"]
[SourceDate "2004.12.16"]

{B24: Closed Sicilian: 3 g3 sidelines
} 1. e4 c5 2. Nc3 Nc6 3. g3 b6 4. Bg2 Bb7
5. Nf3 $146 (5. d3 d6 (5... g6 6. Be3 Bg7 7. Qd2 e6 8. Bg5 f6 9. Be3 Nge7 10.
Bh6 O-O 11. Bxg7 Kxg7 12. Nge2 Nd4 13. O-O Nxe2+ 14. Qxe2 f5 15. f4 Nc6 16.
Rae1 Nd4 17. Qd2 h5 18. h4 Re8 19. Nd1 Qc7 20. Nf2 {
Kovacs,J-Pal,F/Hajduboszormeny 1999/EXT 2001/1-0 (30)}) 6. f4 e6 7. Nf3 g6 8.
O-O Bg7 9. Rb1 Nge7 10. Bd2 O-O 11. Ne2 Qc7 12. g4 f5 13. h3 Rad8 14. Ng3 Bc8
15. Qe1 Nb4 16. Qd1 Ba6 17. Ng5 Qd7 18. exf5 exf5 19. Re1 Bd4+ 20. Kh2 Bf2 21.
Re2 Bxg3+ 22. Kxg3 Rde8 23. a3 Nbd5 24. c4 Nf6 25. Ne6 Rf7 26. Bc3 Ne4+ 27.
Bxe4 fxe4 28. Rxe4 d5 29. cxd5 Qxd5 30. Nc7 Qxd3+ 31. Qxd3 Bxd3 32. Nxe8 Bxb1
33. Re1 Ba2 34. Nd6 Bb3 35. Nxf7 Kxf7 36. Be5 Nd5 37. h4 a5 38. Kf3 a4 39. Ke4
Ne7 {Niering,T-Jaeger,F/Dortmund 1987/TD/1/2-1/2 (59)}) (5. Nge2 g6 6. d3 Bg7
7. Be3 d6 8. Qd2 Qd7 9. O-O Nd4 10. Nc1 e6 11. Nd1 Ne7 12. c3 Ndc6 13. Bh6 O-O
14. Bxg7 Kxg7 15. Ne3 d5 16. exd5 Nxd5 17. Nxd5 exd5 18. d4 cxd4 19. cxd4 Rfe8
20. Nd3 Ba6 21. Rfe1 Bxd3 22. Qxd3 Qd6 23. a3 Rxe1+ 24. Rxe1 Rd8 25. b4 Qf6 26.
Rd1 Rd6 27. h4 h5 28. Qc3 Ne7 29. b5 Re6 30. Qd3 g5 31. Bh3 g4 32. Bg2 Qf5 33.
Qd2 Qf6 34. Rc1 Nf5 35. Rd1 Re7 36. Qf4 Nd6 37. Qxf6+ Kxf6 38. Bxd5 Nxb5 39.
Bc6 Nd6 {Letay,G-Nagy,E/Hungary 1996/EXT 2000/0-1 (67)}) (5. f4 e6 (5... e5 6.
f5 Nd4 7. Nce2 Nxf5 8. Nh3 Nf6 9. O-O Nd4 10. Nxd4 cxd4 11. d3 h6 12. Bd2 a5
13. a3 Bc5 14. Kh1 O-O 15. g4 Nh7 16. Rf5 f6 17. Qe2 Rc8 18. Raf1 Be7 19. Bc1
Rc6 20. Ng1 {Kukushev,Z-Nasikan,N/Kiev 2000/EXT 2001/0-1 (36)}) 6. d3 Nge7 7.
Nf3 d5 8. e5 Nf5 9. O-O Be7 10. Ne2 h5 11. c3 Qd7 12. d4 cxd4 13. Nexd4 Bc5 14.
Kh1 Bxd4 15. Nxd4 Ncxd4 16. cxd4 Rc8 17. Bh3 Ne7 18. Bd2 Nc6 19. Bc3 g6 {
Luban,P-Morgenstern,P/Leutersdorf 2001/EXT 2002/1-0 (36)}) 5... Qc7 6. d3 d6 {
Sichert e5} 7. Bf4 e5 8. Be3 Nf6 9. Qd2 Ng4 10. Nd5 {Der Springer dominiert}
10... Qb8 (10... Nxe3 $4 {waere ein grobes Versehen} 11. Nxc7+ (11. Nxe3 $6 Ne7
$11) (11. Qxe3 $6 Qd7 $11) (11. fxe3 $6 Qd7 $14) 11... Kd7 12. Nxa8 Nxg2+ 13.
Kf1 Bxa8 14. Kxg2 $18) 11. Bh3 Bc8 12. Bg2 Bd7 (12... Bb7 13. Bg5 h6 14. Bh4
$14) 13. a3 {Deckt b4} 13... Qc8 14. O-O Ne7 15. Nc3 Nxe3 16. Qxe3 Bh3 (16...
Bg4 $5 $11 {ist vielleicht staerker}) 17. Nb5 $16 Bxg2 $4 {
fuehrt zu weiteren Sorgen} (17... Qd7 $142 18. Nxd6+ $1 {
Beseitigt den Bauernschutz} 18... Qxd6 19. Bxh3 Nc6 $16) 18. Nxd6+ $18 (18.
Nxd6+ Kd7 19. Nxc8 Bxf1 20. Nxe7 Kxe7 21. Rxf1 $18) (18. Kxg2 $6 {
verbietet sich, da} 18... Qd7 19. Nc3 g6 $11) 1-0

[Event "58. BEM 2004"]
[Site "Dortmund"]
[Date "2004.03.15"]
[Round "7.1"]
[White "Litwak, Aleksej"]
[Black "Eismont, Igor"]
[Result "0-1"]
[WhiteElo "2067"]
[BlackElo "2230"]
[Annotator "Fritz 7 (15s)"]
[PlyCount "132"]
[EventDate "2004.??.??"]
[Source "SG Dortmund"]
[SourceDate "2004.12.16"]

{B07: Pirc Defence: Miscellaneous Systems
} 1. e4 d6 2. d4 Nf6 3. Bd3 e5 4. c3
c6 5. Nf3 Nbd7 6. O-O Be7 7. Re1 O-O 8. Nbd2 Qc7 9. Nf1 Re8 10. Ng3 Nf8 11. a4
$146 (11. h3 Ng6 12. Nh2 Be6 13. Ng4 Nxg4 14. hxg4 exd4 15. cxd4 d5 16. e5 c5
17. Be3 cxd4 18. Bxd4 Bg5 19. Qf3 Nf4 20. Bb5 Rec8 21. Nf5 a6 22. Bf1 Qd7 23.
g3 Ng6 24. Bd3 Nf8 25. Qh1 g6 {
Kalinitschew,S-Porper,E/Berlin 1994/EXT 97/0-1 (46)}) 11... a5 12. h3 {
Es geht um g4} 12... h6 {Befestigt g5} 13. Be3 Ng6 14. Qc2 Bf8 15. Rad1 Be6 16.
c4 c5 17. d5 {Raumvorteil} 17... Bd7 18. Kh2 Nf4 19. b3 Nxd3 20. Qxd3 Be7 (
20... g6 21. Ng1 $14) 21. Rg1 (21. Nxe5 dxe5 22. d6 Qc6 23. dxe7 Rac8 $16)
21... Nh7 22. Ne2 (22. Nxe5 Bh4 23. Nxd7 Bxg3+ 24. Kxg3 Qxd7 $16) 22... Ng5 23.
Nxg5 Bxg5 24. Bxg5 hxg5 25. g4 (25. Rh1 $5 $14) 25... Qd8 26. Kg3 g6 27. Rh1
Kg7 28. Rdg1 Rh8 29. Kg2 Rh4 {Die Sturmspitze auf h4} 30. Rh2 Qf6 31. Qf3 Qe7
32. Ng3 Rah8 33. Rgh1 Qd8 34. Qe3 R8h7 35. Qd2 b6 36. Qe3 Qf6 37. Ne2 R4h6 38.
Qd2 Kf8 39. Qe3 Ke7 40. f3 (40. Ng1 $5 $15 {ist interessant}) 40... Kd8 41. Qc3
Kc7 42. Qe3 Qd8 43. Ng3 Rh4 44. Rd1 Kb7 45. Qc1 Qf6 46. Ne2 {Diagramm #} 46...
Rxh3 $1 {Beseitigt den Bauernschutz.} 47. Rxh3 Rxh3 48. Kxh3 $2 (48. Ng3 $142
Rh4 49. Rh1 $19) 48... Qxf3+ 49. Kh2 Qxe2+ 50. Kg1 Qxe4 51. Qxg5 Qxg4+ 52. Qxg4
Bxg4 53. Rd2 f5 54. Rh2 Bh5 55. Kf2 f4 56. Ke1 Kc7 57. Kd2 Kd7 58. Kd3 Ke7 59.
Ke4 Kf6 60. Rh1 Kg5 61. Rg1+ Kh4 62. Rh1+ (62. Kd3 {holt die Kuh nicht vom Eis}
62... Bg4 $19) 62... Kg3 63. Rg1+ Kf2 64. Rg5 (64. Ra1 {
ist noch eine duenne Chance} 64... Bf3+ 65. Kd3 e4+ 66. Kc2 $19) 64... Bf3+ 65.
Kd3 e4+ 66. Kc3 Bh5 (66... Bh5 67. Kb2 e3 $19) 0-1

[Event "58. BEM 2004"]
[Site "Dortmund"]
[Date "2004.03.15"]
[Round "7.2"]
[White "Schiefelbusch, Dirk"]
[Black "Gorval, Evgueni"]
[Result "0-1"]
[WhiteElo "2103"]
[BlackElo "2089"]
[Annotator "Fritz 7 (15s)"]
[PlyCount "118"]
[EventDate "2004.??.??"]
[Source "SG Dortmund"]
[SourceDate "2004.12.16"]

{A48: 1 d4 Nf6 2 Nf3 g6: Torre, London and Colle Systems
} 1. d4 Nf6 2. Nf3 g6
3. Bg5 Bg7 4. e3 c5 5. c3 Qb6 (5... Ne4 6. Bh4 d5 7. Nbd2 f5 8. Ne5 Nc6 9. f4
Qb6 10. Nxe4 fxe4 11. Qd2 Bxe5 12. fxe5 Be6 13. Be2 O-O 14. Rf1 Qa5 15. a3 c4
16. Rxf8+ Rxf8 17. O-O-O Rb8 18. Rf1 Qd8 19. Bg5 Kg7 20. Qe1 {
Jelling,E-Mortensen,E/Festuge 1991/EXT 97/1/2-1/2 (64)}) (5... b6 6. Nbd2 Bb7
7. b4 cxb4 8. cxb4 O-O 9. Bd3 d6 10. O-O Nbd7 11. Qb3 Rc8 12. Rac1 Rc7 13. e4
Qb8 14. Rxc7 Qxc7 15. d5 Rc8 16. Nb1 h6 17. Bd2 Ng4 18. Rc1 Qb8 19. h3 Nge5 20.
Nxe5 {Tsirulev,A-Tokarev,I/Kazan 2001/EXT 2002/1/2-1/2 (32)}) 6. Qc1 d5 7. Bd3
Nc6 8. O-O $146 (8. Nbd2 O-O 9. O-O Re8 10. h3 e5 11. dxe5 Nd7 12. e4 Ndxe5 13.
Nxe5 Nxe5 14. Bc2 h6 15. Bf4 Be6 16. Rd1 Rad8 17. Nf1 dxe4 18. Rxd8 Rxd8 19.
Bxe4 f5 20. Bc2 Kh7 21. Ng3 Nd3 22. Bxd3 Rxd3 {
Torok,F-Simek,P/Brno 1987/EXT 2000/1/2-1/2 (74)}) 8... Bg4 9. Nbd2 Rc8 10. h3
Bd7 11. Ne5 (11. dxc5 $5 {kommt in Betracht} 11... Qxc5 12. e4 $14) 11... Nxe5
$15 12. dxe5 Nh5 13. e4 h6 14. Be3 d4 {Schwarz will den Gegner einengen} 15.
Nc4 Qe6 16. Bd2 b5 17. Na3 dxc3 18. bxc3 c4 19. Be2 Qxe5 20. Re1 Nf6 21. Bf3 g5
(21... Nh7 22. Bd1 $17) 22. Nc2 (22. Be3 $5 {lohnt die Pruefung} 22... Qc7 23.
e5 $11) 22... g4 $17 23. hxg4 Bxg4 (23... Nxg4 24. Bxg4 Bxg4 25. a4 $17) 24.
Bf4 Qxc3 (24... Qh5 $1 25. Bxg4 Nxg4 $17) 25. e5 Bxf3 26. exf6 Bxf6 $4 {
gibt den Vorteil aus der Hand} (26... Qxf6 27. gxf3 Qg6+ 28. Bg3 Bxa1 29. Qxa1
c3 $19) 27. Re3 $11 Qa5 28. Rxf3 Bxa1 29. Qxa1 Rg8 30. Re3 c3 31. Bd6 e6 32.
Bb4 Qa4 33. Rxc3 Rc4 34. Rxc4 bxc4 35. Qd1 (35. Qf6 Qd7 $18) 35... Qc6 (35...
a5 36. Ba3 $16) 36. g3 (36. Ne3 $142 $5 $18) 36... Rg5 $14 37. Qd6 (37. Bd2
$142 {ist noch spielbar} 37... Qd6 38. Ne3 $14) 37... Qxd6 $17 38. Bxd6 Rd5 39.
Bf4 Rd1+ 40. Kg2 h5 41. Kf3 Rb1 42. a3 Kd7 43. Ke3 Kc6 44. Kd4 Kb5 45. Bd2 Rb2
46. a4+ Kxa4 47. Kc3 Ra2 48. Ne3 (48. Be3 $142 $5 a5 49. Nd4 $15) 48... Rxd2
$19 49. Kxd2 Kb3 50. f4 a5 51. Nd1 (51. Kc1 $19) 51... a4 52. Ne3 a3 53. Nc2 a2
54. Na1+ (54. Kc1 $19 {ist noch eine Idee}) 54... Kb2 55. Nc2 f6 56. Kd1 c3 57.
Na1 Kxa1 58. Kc2 e5 59. fxe5 fxe5 (59... fxe5 60. Kc1 e4 $19) 0-1

[Event "58. BEM 2004"]
[Site "Dortmund"]
[Date "2004.03.15"]
[Round "7.3"]
[White "Ziperstein, Jakob"]
[Black "Zimmermann, Dirk"]
[Result "1/2-1/2"]
[WhiteElo "1831"]
[BlackElo "2025"]
[Annotator "Fritz 7 (15s)"]
[PlyCount "46"]
[EventDate "2004.??.??"]
[Source "SG Dortmund"]
[SourceDate "2004.12.16"]

{B07: Pirc Defence: Miscellaneous Systems
} 1. e4 Nf6 2. Nc3 d6 3. d4 c6 4. Nf3
Bg4 5. Be2 e6 6. O-O Be7 7. Re1 (7. a4 O-O 8. Be3 d5 9. Nd2 Bxe2 10. Qxe2 Na6
11. e5 Nd7 12. Qg4 f5 13. exf6 Rxf6 14. Ne2 Rg6 15. Qh3 Bd6 16. Nf4 Bxf4 17.
Bxf4 Qf6 18. Be3 Rf8 19. c3 Nc7 20. Kh1 Qf5 {
1/2-1/2 Gipslis,A-Rashkovsky,N/Groningen 1990/CBM 22 (20)}) 7... Bxf3 (7... O-O
8. Qd3 d5 9. exd5 cxd5 10. Ne5 Bf5 11. Qd1 Nfd7 12. Bd3 Bxd3 13. Nxd3 Nc6 14.
Ne2 Bd6 15. c3 Nf6 16. Ng3 Qc7 17. Bg5 Be7 18. Qf3 Ne8 19. h4 h6 20. Bxe7 Qxe7
21. Qg4 Nf6 {1/2-1/2 Kuhnen,T-Bree,T/Dortmund 2000/EXT 2001 (21)}) 8. Bxf3 d5
9. Qd3 $146 (9. e5 Nfd7 10. a3 c5 11. Be3 cxd4 12. Bxd4 Nc6 13. b4 Rc8 14. Ne2
Ncxe5 15. Nc3 Nxf3+ 16. Qxf3 Bf6 17. Qxd5 Rxc3 18. Rxe6+ fxe6 19. Qxe6+ Qe7 20.
Re1 Qxe6 21. Rxe6+ Kf7 {0-1 Gregor,J-Horak,Z/Brno 1998/EXT 2002 (21)}) 9...
dxe4 10. Nxe4 Nbd7 11. Qb3 Qb6 12. Qxb6 axb6 13. c3 {Kontrolliert b4} 13...
Nxe4 14. Bxe4 b5 15. a3 {Verhindert das Eindringen auf b4} 15... h5 16. Bd2 Nb6
17. Bd3 Kd7 18. Re2 Bf6 19. Rae1 Rhe8 20. g3 {Verwehrt dem Gegner h4} 20... Nc4
21. Bc1 g6 {Der Gegner darf nicht nach f5} 22. Kg2 Nd6 23. h4 b6 1/2-1/2

[Event "58. BEM 2004"]
[Site "Dortmund"]
[Date "2004.03.15"]
[Round "7.4"]
[White "Kalikhman, Grigorij"]
[Black "Borjini, Mohamed"]
[Result "0-1"]
[WhiteElo "1975"]
[BlackElo "1918"]
[Annotator "Fritz 7 (15s)"]
[PlyCount "104"]
[EventDate "2004.??.??"]
[Source "SG Dortmund"]
[SourceDate "2004.12.16"]

{B50: Sicilian: 2...d6, Miscellaneous
} 1. e4 c5 2. Nf3 d6 3. c4 Nf6 4. Nc3 e6
5. d4 cxd4 6. Nxd4 Be7 7. Be3 (7. Be2 O-O 8. O-O Bd7 9. f4 Nc6 10. Kh1 a6 11.
Bf3 Rc8 12. Nxc6 Bxc6 13. Qe2 Qc7 14. a4 b6 15. Be3 Rfe8 16. Rae1 Nd7 17. Bd4
e5 18. Be3 exf4 19. Bxf4 Bf6 20. Qd2 Ne5 21. b3 Qb7 {
Gruenfeld,Y-Zapata,A/Thessaloniki 1984/EXT 97-B/0-1 (55)}) 7... Nc6 8. f4 O-O
9. Be2 a6 $146 {Ueberdeckt b5} (9... e5 10. Nxc6 bxc6 11. fxe5 dxe5 12. Qa4 Ng4
13. Bxg4 Bxg4 14. O-O Qd6 15. Rf2 Qg6 16. Kh1 Bh4 17. g3 Be7 18. Kg2 Rfd8 19.
h3 Rd3 20. Re1 Be6 21. Qc2 Rad8 22. Nd5 Qxe4+ 23. Kh2 cxd5 24. cxd5 {
Saarinen,T-Lehmusvaara,E/Tampere 2000/EXT 2001/0-1 (39)}) 10. Bf3 Qc7 11. b3
Bd7 12. O-O Rac8 13. Rc1 Qb8 14. Qd2 Rfd8 15. g4 Nxd4 16. Qxd4 d5 17. e5 {
Weiss erobert Raum} 17... Bc5 18. Qxc5 Rxc5 19. Bxc5 Ne4 20. Nxe4 dxe4 21. Bxe4
Qc8 22. Be7 Re8 23. Bd6 {Ein schoenes Feld fuer den Laeufer} 23... Bc6 24. Bb1
Qd8 25. g5 {Weiss gewinnt Raum} 25... Qb6+ 26. c5 Qb4 27. Rcd1 Qc3 28. Bd3 Qd4+
29. Rf2 Qe3 30. Kf1 (30. Bf1 $142 $5 $15 {ist zu ueberlegen}) 30... Bf3 $17 31.
Rdd2 Qxf4 32. Rc2 Qe3 33. Bc4 Bc6 34. a4 Qxg5 35. Ke2 (35. Rc3 $142 $19) 35...
Qg4+ 36. Kd2 Qd4+ 37. Ke2 Bd5 38. Bxd5 exd5 (38... Qxd5 $6 39. Rc4 $17) 39. Rd2
(39. Kf1 {nuetzt auch nichts mehr} 39... Qd1+ 40. Kg2 Qg4+ 41. Kh1 Qe4+ 42. Rg2
Re6 $19) 39... Qe4+ 40. Kd1 Qb1+ 41. Ke2 Qxb3 42. Kf1 Qxa4 43. Rb2 (43. Rd3 {
macht keinen grossen Unterschied} 43... Qc4 44. Rfd2 f6 $19) 43... h5 (43...
Re6 $142 {ginge schneller} 44. Rbc2 Rg6 $19) 44. Rxb7 (44. Rfe2 {
ist ein letzter Strohhalm} 44... Re6 45. Rbd2 $19) 44... Qd1+ 45. Kg2 Re6 46.
Rb4 Rg6+ 47. Kh3 d4 48. Rg2 (48. Re2 {aendert nichts am Ausgang der Partie}
48... Qf1+ 49. Kh4 Qf4+ 50. Kxh5 Qg5#) 48... Rxg2 (48... Qf3+ 49. Rg3 Rxg3+ 50.
hxg3 Qh1#) 49. Rb8+ $19 Kh7 50. Kxg2 d3 51. c6 (51. Rb2 $19 {
die letzte Gegenchance}) 51... Qc2+ 52. Kg3 Qxc6 (52... Qxc6 53. Rb1 h4+ 54.
Kf4 Qc2 $19) (52... d2 53. Bc5 d1=Q 54. Rh8+ Kxh8 55. h3 Qe1+ 56. Kf4 Qce4+ 57.
Kg5 Qxe5#) 0-1

[Event "58. BEM 2004"]
[Site "Dortmund"]
[Date "2004.03.15"]
[Round "7.5"]
[White "Naundorf, Maik"]
[Black "Goldschmidt, Christian"]
[Result "1/2-1/2"]
[WhiteElo "2015"]
[BlackElo "2109"]
[Annotator "Fritz 7 (15s)"]
[PlyCount "56"]
[EventDate "2004.??.??"]
[Source "SG Dortmund"]
[SourceDate "2004.12.16"]

{E69: King's Indian: Fianchetto: 6...Nbd7 7 0-0 e5 8 e4 c6 9 h3
} 1. Nf3 Nf6 2.
c4 d6 3. d4 g6 4. g3 Bg7 5. Bg2 O-O 6. O-O Nbd7 7. Nc3 c6 8. e4 e5 9. h3 exd4
10. Nxd4 Nb6 11. b3 d5 12. cxd5 cxd5 13. exd5 Nbxd5 14. Nxd5 Nxd5 15. Bb2 Re8
$146 (15... Ne7 16. Qe2 Bxd4 17. Bxd4 Qxd4 18. Qxe7 Rb8 19. Rad1 Qg7 20. Rc1
Be6 21. Qa3 a6 22. Qa5 Qf6 23. Rc7 Rfd8 24. h4 Bc8 25. Re1 b6 26. Qa3 Kg7 27.
Qe7 Bf5 28. Bf1 Rd2 29. Bxa6 Be6 30. Qxf6+ Kxf6 31. Bc4 Rc2 32. Rc6 Kg7 33. Bd5
Rxc6 34. Bxc6 Rc8 35. Be4 b5 36. Re2 Rc7 37. Rd2 Kf6 38. Kg2 Ke5 39. Bf3 b4 40.
Re2+ Kd6 41. Re4 Rc2 42. Rxb4 Rxa2 43. Rb7 Ra3 44. b4 h5 45. Rb6+ Ke5 46. Rb8
Bh3+ 47. Kxh3 Rxf3 48. Kg2 Rb3 49. Rb6 Kf5 50. b5 {
Aseev,K-Ristic,N/Germany 1991/TD/1-0 (108)}) (15... Qa5 16. Qf3 (16. Qe1 Qxe1
17. Rfxe1 Nb4 18. Re2 a5 19. Nb5 Bxb2 20. Rxb2 Bd7 21. Nd6 Ra7 22. Rd1 Bc6 23.
a3 Bxg2 24. Kxg2 Na6 25. Rc2 b6 26. Rc6 Rd8 27. Rxb6 Nc5 28. Ne4 Rxd1 29. Nxc5
Rc7 30. b4 Ra1 31. Nb3 Rxa3 32. Nxa5 Rc2 33. g4 Ra4 34. Nb7 Rb2 35. Rf6 Rbxb4
36. Nc5 Ra3 37. Rd6 Kg7 38. Nd3 Re4 39. Kf3 Re1 40. Rd5 Rd1 41. Ke2 Rh1 42. Nf4
Ra2+ 43. Ke3 Rh2 44. f3 Ra3+ 45. Ke4 Rh1 46. Rd2 Re1+ 47. Ne2 Rf1 48. Nd4 Rh1
49. Rc2 Rxh3 50. Rc7 Ra4 {Gruenfeld,E-Czerniak,M/Vienna 1951/EXT 98/0-1 (72)})
16... Rd8 17. Rfd1 h5 18. a3 Qb6 19. Rd2 h4 20. Rad1 Nf6 21. Kh2 Re8 22. Re2
Rxe2 23. Qxe2 Bd7 24. Qf3 Re8 25. Qxb7 Qd6 26. Qf3 Qe5 27. Rd2 hxg3+ 28. fxg3
Qg5 29. Bc1 Ne4 30. Rd1 {Kotov,A-Bronstein,D/Moscow 1945/URS-ch/1-0 (68)}) 16.
Qd2 Nc7 17. Rad1 Ne6 18. Nxe6 Bxe6 19. Bxg7 Qxd2 20. Rxd2 Kxg7 21. Bxb7 Bxh3
22. Bxa8 Bxf1 23. Kxf1 Rxa8 24. b4 Rb8 25. Rd4 h5 26. a4 Kf6 27. Ke2 Rb7 28.
Kd3 Ke5 1/2-1/2

[Event "58. BEM 2004"]
[Site "Dortmund"]
[Date "2004.03.15"]
[Round "7.6"]
[White "Zeldin, Vitali"]
[Black "Woestmann, Ulrich"]
[Result "1/2-1/2"]
[WhiteElo "1918"]
[BlackElo "1972"]
[PlyCount "212"]
[EventDate "2004.??.??"]
[Source "SG Dortmund"]
[SourceDate "2004.12.16"]

1. e4 d5 2. exd5 Qxd5 3. d4 Nf6 4. Nf3 Bg4 5. Be2 e6 6. O-O a6 7. c4 Qd8 8. Nc3
Be7 9. h3 Bh5 10. Be3 O-O 11. Ne5 Bxe2 12. Qxe2 c6 13. Rad1 Nbd7 14. f4 Bb4 15.
f5 Qc7 16. Bf4 Bd6 17. c5 Bxe5 18. dxe5 Nd5 19. Nxd5 cxd5 20. b4 a5 21. a3 axb4
22. axb4 b6 23. f6 g6 24. Qe3 bxc5 25. Bg3 Kh8 26. Qh6 Rg8 27. bxc5 Qxc5+ 28.
Kh2 g5 29. Rc1 Qd4 30. Rfe1 Rg6 31. Qh5 g4 32. Rc7 Rag8 33. Rxd7 Qd2 34. Rxf7
Rh6 35. Qxh6 Qxh6 36. h4 Qg6 37. Re7 Re8 38. Rxe8+ Qxe8 39. Rf1 Qf7 40. Rb1 Qc7
41. Bf4 Kg8 42. Rc1 Qb8 43. h5 Qe8 44. h6 Qb8 45. Kg3 Kf7 46. Rc6 Qb7 47. Rd6
Qc8 48. Bd2 Kg6 49. Bf4 Qc2 50. Rd7 Qd3+ 51. Kh2 g3+ 52. Bxg3 Qe2 53. Rg7+ Kf5
54. Kh3 Qh5+ 55. Bh4 Qxh6 56. Rg5+ Ke4 57. Rg8 Qh5 58. g4 Qf7 59. Rg7 Qf8 60.
Rxh7 d4 61. g5 d3 62. Be1 Qg8 63. Rg7 Qh8+ 64. Kg2 Qh5 65. f7 {Nun beginnt
eine Zeitnotschlacht, in der Weiss wenig, dagegen Schwarz so gut wie gar keine
Zeit mehr hat. Letzterer reklamiert bald Remis, der Schiedsrichter laesst
jedoch weiterspielen ...} 65... Qf3+ 66. Kh2 Qe2+ 67. Kh3 Qf1+ 68. Kg4 Qe2+ 69.
Kh3 Qf1+ 70. Kh2 Qe2+ 71. Kh3 Qf1+ 72. Kg4 Qf3+ 73. Kh4 Ke3 74. g6 d2 75. Bxd2+
Kxd2 76. Rg8 Qf4+ 77. Kh5 Qh2+ 78. Kg5 Qxe5+ 79. Kh6 Qh2+ 80. Kg7 Qe5+ 81. Kh7
Qh2+ 82. Kg7 Qe5+ 83. Kf8 Qd6+ 84. Ke8 Qc6+ 85. Ke7 Qc7+ 86. Kxe6 Qc6+ 87. Ke7
Qc5+ 88. Ke8 Qc6+ 89. Kf8 Qc5+ 90. Kg7 Qd4+ 91. Kh7 Qh4+ 92. Kg7 Qd4+ 93. Kh6
Qh4+ 94. Kg7 Qd4+ 95. Kf8 Qf6 {Trickreich. Jeder weisse Reflexzug mit Ausnahme
des folgenden Koenigsschritts verliert nun auf der Stelle. Angesichts
beidseits hochgradiger Zeitnot durchaus denkbar, dass die Haende schneller
sind als der Kopf (Schulenburg).} 96. Ke8 Qc6+ 97. Ke7 Qc7+ 98. Ke6 Qc6+ 99.
Ke5 Qc5+ 100. Ke6 Qc4+ 101. Kf5 Qd3+ 102. Kg5 Qe3+ 103. Kf6 Qd4+ 104. Ke6 Qc4+
105. Kd6 Qb4+ 106. Kd7 Qb5+ {
und nach weiteren 10 Zuegen bot Weiss Remis an, und Schwarz akzeptierte.}
1/2-1/2

[Event "58. BEM 2004"]
[Site "Dortmund"]
[Date "2004.03.15"]
[Round "7.7"]
[White "Starp, Klaus"]
[Black "Kartsev, Soel"]
[Result "0-1"]
[WhiteElo "1892"]
[BlackElo "2172"]
[PlyCount "64"]
[EventDate "2004.??.??"]
[Source "SG Dortmund"]
[SourceDate "2004.12.16"]

1. e4 d5 2. exd5 Nf6 3. c4 c6 4. d4 cxd5 5. Nc3 Nc6 6. Bg5 e6 7. Nf3 Be7 8. c5
O-O 9. Bd3 b6 10. cxb6 Qxb6 11. Rb1 h6 12. Bh4 Ba6 13. h3 Ne4 14. Bxe7 Nxe7 15.
O-O Rac8 16. Re1 f5 17. Na4 Qd6 18. Ne5 Bxd3 19. Qxd3 Nc6 20. f3 Nb4 21. Qd1
Ng3 22. Nc5 f4 23. Qa4 a5 24. a3 Na6 25. b4 Nxc5 26. bxc5 Qd8 27. Rb6 Nf5 28.
Ng6 Rf6 29. Nxf4 Qc7 30. Re5 Nh4 31. Nxe6 Qf7 32. f4 Qg6 {
und Weiss ueberschritt die Zeit ...} 0-1